zpět

Detail výsledku týmu

Kamenec, Jilešovice

Datum a čas kvízu

36 Celkem bodů Celkový počet nahraných bodů na tomto kvízu bez doplňovacích otázek.
2. Pořadí na kvízu Konečné umístění týmu na tomto kvízu.

Zaznamenané odpovědi

# Otázka Odpověď Body Výsledky
1. Na sedmém kilometru dálnice D1... tramvaj 1
2. Kuriózní nehoda se stala na le... Do letounu narazila nezabržděná dodávka. 0
3. Minulý týden byl v Cannes slav... Miloš Forman 1
4. Čínská společnost Xiaomi přišl... v automatu 0
5. Nejslabším týmem letošního hok... Radko Gudas 1
6. Volby do Evropského parlamentu... čtvrté 0
7. Z výsledků voleb vzejde i nový... Jan Zahradil 1
8. Přiřaďte politické strany k je... 1A 2B 3C 4D 1
9. V některých evropských státech... D 1
10. Jedenatřicetiletý kandidát nov... Tinder 0